| 000 | 00698nam a22002175i 4500 | ||
|---|---|---|---|
| 001 | 178423 | ||
| 003 | ES-MaACL | ||
| 005 | 20230906220531.0 | ||
| 008 | 110527s1956 sp |||| | spa d | ||
| 080 | _a821.134.2-97"15" | ||
| 080 | _a27-29 | ||
| 100 | 0 |
_aTeresa de Jesús, _cSanta, _d1515-1582 _9226510 |
|
| 245 | 1 | 0 |
_aCamino de perfección / _cSanta Teresa de Jesús. |
| 260 |
_aMadrid : _bRialp, _c1956. |
||
| 300 |
_a291 p. ; _c16 cm. |
||
| 490 | 1 |
_aNeblí, clásicos de espiritualidad ; _v1. Serie azul |
|
| 650 | 4 |
_aAscetismo. _910365 |
|
| 830 | 0 |
_aNeblí, clásicos de espiritualidad ; _v1. Serie azul _9190968 |
|
| 852 |
_aES-MaACL _jE-15198 _xOlim P-139 |
||
| 999 |
_c178423 _d178423 |
||